Guess The Beatles Lyrics - Statistics

General Stats
  • This quiz has been taken 65 times
  • The average score is 183 of 228
Answer Stats
Hint Answer % Correct
I
97%
love
97%
you
95%
You
95%
a
90%
be
87%
loves
87%
1 She
87%
she
87%
can
85%
yeah
85%
Yeah
85%
And
82%
know
82%
me
82%
glad
79%
say
79%
that
79%
the
79%
bad
77%
should
77%
your
77%
to
74%
can't
72%
her
72%
says
72%
It's
69%
it's
69%
so
69%
think
69%
Yes
69%
like
67%
lost
67%
of
67%
said
67%
saw
67%
she's
67%
what
67%
yesterday
67%
thinkin'
62%
told
62%
With
62%
you've
62%
Because
59%
knows
56%
now
56%
Well
56%
But
54%
mind
54%
not
54%
up
54%
you're
54%
almost
51%
hurt
51%
kind
51%
too
49%
Apologize
46%
fair
46%
only
46%
ooh
44%
hurtin'
41%
Pride
33%
No matching quizzes found
Score Distribution
Percent of People with Each Score
Percentile by Number Answered
Your Score History
You have not taken this quiz